000 00979nas a2200325 4500
001 BR0305608
003 BR-BrBNA
005 20231205104150.0
007 ta
008 230509b bl.|||p| |||| 00| 00por d
040 _aBR-BrBNA
_bpor
_cBiblioteca Nacional de Agricultura
041 _a(Pt)
072 _aL73; L70
100 1 _aZuccari, D.A.P.C.
100 1 _aSantana, A.E.
100 1 _aRocha, N.S.
245 1 _aExpressão dos filamentos intermediários no diagnóstico dos tumores mamários de cadelas
650 _aCÃO
650 _aDOENÇA ANIMAL
650 _aTUMOR
650 _aANTICORPO MONOCLONAL
650 _aDIAGNÓSTICO
650 _aGLÂNDULA MAMÁRIA
650 _aHISTOPATOLOGIA
650 _aMARCAÇÃO
650 _aCÉLULA
773 0 _tArquivo Brasileiro de Medicina Veterinária e Zootecnia (Brazil)
_xISSN 0102-0935
_g(Dec 2002), v. 54(6) p. 586-591
_wBR0305608
909 _a202311
_bLúcia
_c55
_dLúcia Elande
942 _2AGRIS
_n0
_cANA
999 _c176712
_d176712